000 00655nam a2200229 i 4500
001 38839
003 ES-MaACL
005 20250902063052.0
007 t|
008 030226s1985 sp ||||1| spa d
020 _a84-206-3164-7
100 1 _aCalvino, Italo,
_d1923-1985
_9242175
245 1 0 _aPalomar /
_cItalo Calvino ; traductor Aurora Bernárdez.
260 _aMadrid :
_bAlianza,
_c[1985]
300 _a127 p. ;
_c20 cm.
490 1 _aAlianza tres ;
_v164
500 _aIndice.
700 1 _aBernárdez, Aurora.
_928270
830 0 0 _aAlianza tres
_v164
_9177344
852 _aES-MaACL
_jL-11269
_bR.110747
999 _c38839
_d38839